1787 1226 1940 1311 1413 1916 1433 1775 1517 1456 1305 1348 1730 1864 1302 1007 1991 1721 1330 1932 1697 1717 1886 1289 1964 1671 1030 1694 1020 1236 1634 1411 1478 1556 1162 1552 1334 1989 1761 1623 1021 1994 1312 1813 1243 1655 1293 1503 1196 1580 1546 1217 1401 1100 1482 1886 1017 1557 1565 1662 1418 1686 1381 1483 1247 1937 1194 1675 1359 1757 1499 1346 1521 1846 1272 1895 1824 1402 1771 1783 1948 1812 1874 1738 1262 1074 1137 1278 1322 1745 1632 1285 1221 1661 1572 1009 1163 1662 1308 BCNSPRNW ULIB Ver.6.0+V

เปลี่ยนเป็นภาษาไทย

Change to English
 แสดงรายละเอียดบรรณานุกรม
  กลับหน้าหลัก

Brief Record : Get Marc (ISO 2709) : E-mail record : QR code < ปิดหน้าต่าง
LEADER : 00000nam 2200000uu 4500
001    13399129104
003     ULIB
008    250717s2566||||th 000 0 tha d
020    ^a9786164494671
050  4 ^aQA76.6^bจ541ส
100 0  ^aจีราวุธ วารินทร์
245 1  ^aสร้างแอปพลิเคชันแบบมือโปรด้วย Next.js & ChatGPT / ^cจีราวุธ วารินทร์
246 3  ^aChatGPT
246 3  ^aNext.js & ChatGPT
250    ^aพิมพ์ครั้งที่ 1.
260    ^aกรุงเทพฯ :^bธิงค์ บียอนด์ บุ๊คส์,^c2566
300    ^a548 หน้า :^bภาพประกอบ
505 0  ^aPart 1 Basic React for Next.js -- บทที่ 1 แนะนำ Next.js -- บทที่ 2 คอมโพเนนต์และหน้าเว็บเพจ -- บทที่ 3 การกำหนดสไตล์และการใช้งาน Tailwind CSS ฯลฯ -- Part 2 Essential Next.js -- บทที่ 8 การใช้งานเราท์ติ้งใน Next.js -- บทที่ 9 การกำหนด Layout และเมนูใน Next.js -- บทที่ 10 วิธี fetch ข้อมูลมาใช้ในคอมโพเนนต์ ฯลฯ -- Part 3 Create Project with ChatGPT -- บทที่ 18 ChatGPT กับการพัฒนาโปรแกรม -- บทที่ 19 เรียนรู้ Firebase ด้วย ChatGPT -- บทที่ 20 การสั่ง Build และ Deploy แอปพลิเคชั่น
505 0  ^aPart 1. Basic react for Next.js. 1, แนะนำ Next.js. 2, คอมโพเนนต์และหน้าเว็บเพจ. 3, การกำหนดสไตล์และการใช้งาน Tailwind CSS. 4, การใช้งาน props. 5, พื้นฐานการใช้งาน state. 6, การใช้ฮุกในฟังก์ชันคอมโพเนนต์. 7, พื้นฐานการใช้งาน Context API -- Part 2. Essential Next.js. 8, การใช้งานเราท์ติ้ง 9, การกำหนด Layout และเมนูใน Next.js. 10, วิธี fetch ข้อมูลมาใช้ในคอมโพเนนต์. 11, แบบฟอร์มและการใช้งาน Server actions. 12, Metadata และ Image. 13, Next.js กับฐานข้อมูล MongoDB. 14, Route handler ใน Next.js. 15, ตัวอย่างการสร้างและใช้งาน API. 16, การใช้งาน Middleware ใน Next.js. 17, ยืนยันตัวตนโดยใช้ Next-Auth -- Part 3. Create project with ChatGPT. 18, ChatGPT กับการพัฒนาโปรแกรม. 19, เรียนรู้ Firebase ด้วย ChatGPT. 20, การสั่ง Build และ Deploy แอปพลิเคชัน.
505 0  ^aสารบัญ : Part 1 Basic React for Next.js -- บทที่ 1 แนะนำ Next.js -- บทที่ 2 คอมโพเนนต์และหน้าเว็บเพจ -- บทที่ 3 การกำหนดสไตล์และการใช้งาน Tailwind CSS ฯลฯ -- Part 2 Essential Next.js -- บทที่ 8 การใช้งานเราท์ติ้งใน Next.js -- บทที่ 9 การกำหนด Layout และเมนูใน Next.js -- บทที่ 10 วิธี fetch ข้อมูลมาใช้ในคอมโพเนนต์ ฯลฯ -- Part 3 Create Project with ChatGPT -- บทที่ 18 ChatGPT กับการพัฒนาโปรแกรม -- บทที่ 19 เรียนรู้ Firebase ด้วย ChatGPT -- บทที่ 20 การสั่ง Build และ Deploy แอปพลิเคชั่น
505 2  ^aPart 1 Basic React for Next.js: บทที่ 1. แนะนำ Next.js -- ^tบทที่ 2. คอมโพเนนต์และหน้าเว็บเพจ -- ^tบทที่ 3. การกำหนดสไตล์และการใช้งาน Tailwind CSS -- การใช้งาน Props -- พื้นฐานการใช้งาน state -- การใช้ฮุกในฟังก์ชันคอมโพเนนต์ -- พื้นฐานการใช้งาน Context API -- Part 2 Essential Next.js: บทที่ 8. การใช้งานเราท์ติ้งใน Next.js -- ^tบทที่ 9. การกำหนด Layout และเมนูใน Next.js -- บทที่ 10. วิธี fetch ข้อมูลมาใช้ในคอมโพเนนต์ -- ^tบทที่ 11. แบบฟอร์มและการใช้งาน Server Actions -- ^tบทที่ 12. Metadata และ Image -- ^tบทที่ 13. Next.js กับฐานข้อมูล MongoDB -- ^tบทที่ 14. Route Handler ใน Next.js -- ^tบทที่ 15. ตัวอย่างการสร้างและใช้งาน API -- ^tบทที่ 16. การใช้งาน Middleware ใน Next.js -- ^tบทที่ 17. ยืนยันตัวตนโดยใช้ Next-Auth -- Part 3 Create Project with ChatGPT: บทที่ 18. ChatGPT กับการพัฒนาโปรแกรม -- บทที่ 19. เรียนรู้ Firebase ด้วย ChatGPT -- ^tบทที่ 20. การสั่ง Build และ Deploy แอปพลิเคชั่น.
505 2  ^aPart 1 Basic React for Next.js: บทที่ 1. แนะนำ Next.js -- บทที่ 2. คอมโพเนนต์และหน้าเว็บเพจ -- บทที่ 3. การกำหนดสไตล์และการใช้งาน Tailwind CSS -- การใช้งาน Props -- พื้นฐานการใช้งาน state -- การใช้ฮุกในฟังก์ชันคอมโพเนนต์ -- พื้นฐานการใช้งาน Context API -- Part 2 Essential Next.js: บทที่ 8. การใช้งานเราท์ติ้งใน Next.js -- บทที่ 9. การกำหนด Layout และเมนูใน Next.js -- บทที่ 10. วิธี fetch ข้อมูลมาใช้ในคอมโพเนนต์ -- บทที่ 11. แบบฟอร์มและการใช้งาน Server Actions -- บทที่ 12. Metadata และ Image -- บทที่ 13. Next.js กับฐานข้อมูล MongoDB -- บทที่ 14. Route Handler ใน Next.js -- บทที่ 15. ตัวอย่างการสร้างและใช้งาน API -- บทที่ 16. การใช้งาน Middleware ใน Next.js -- บทที่ 17. ยืนยันตัวตนโดยใช้ Next-Auth -- Part 3 Create Project with ChatGPT: บทที่ 18. ChatGPT กับการพัฒนาโปรแกรม -- บทที่ 19. เรียนรู้ Firebase ด้วย ChatGPT -- บทที่ 20. การสั่ง Build และ Deploy แอปพลิเคชั่น.
505 2  ^aแนะนำ Next.js -- ^tคอมโพเนนต์และหน้าเว็บเพจ -- ^tการกำหนดสไตล์และการใช้งาน Tailwind CSS -- ^tการใช้งาน props -- ^tพื้นฐานการใช้งาน state -- ^tการใช้ฮุกในฟังก์ชันคอมโพเนนต์ -- ^tพื้นฐานการใช้งาน Context API -- ^tการใช้งานเราท์ติ้งใน Next.js -- ^tการกำหนด Layout และเมนูใน Next.js -- ^tวิธี fetch ข้อมูลมาใช้ในคอมโพเนนต์ -- ^tแบบฟอร์มและการใช้งาน Server Action -- ^tMetadata และ Image -- Next.js กับฐานข้อมูล MongoDB.
505 2  ^aแนะนำ Next.js -- คอมโพเนนต์และหน้าเว็บเพจ -- การกำหนดสไตล์และการใช้งาน Tailwind CSS -- การใช้งาน props -- พื้นฐานการใช้งาน state -- การใช้ฮุกในฟังก์ชันคอมโพเนนต์ -- พื้นฐานการใช้งาน Context API -- การใช้งานเราท์ติ้งใน Next.js -- การกำหนด Layout และเมนูใน Next.js -- วิธี fetch ข้อมูลมาใช้ในคอมโพเนนต์ -- แบบฟอร์มและการใช้งาน Server Action -- Metadata และ Image -- Next.js กับฐานข้อมูล MongoDB.
630 0  ^aแชทจีพีที.
650  4 ^aChatGPT
650  4 ^aการเขียนโปรแกรมอินเทอร์เน็ต
650  4 ^aการพัฒนาเว็บไซต์
650  4 ^aการพัฒนาเว็บแอปพลิเคชัน
650  4 ^aแชทจีพีที.
650  4 ^aปัญญาประดิษฐ์^xโปรแกรมคอมพิวเตอร์.
650  4 ^aโปรแกรมประยุกต์บนเว็บ.
650  7 ^aการเขียนโปรแกรมคอมพิวเตอร์
650  7 ^aโปรแกรมคอมพิวเตอร์
650  7 ^aโปรแกรมประยุกต์
655  4 ^aAI.
655  4 ^aScience and Technology Branch.
945    ^p650^l0^i011861
999    ^aประนอม เกษจรัล
รายการนี้ยังไม่มีแท็ก
คุณยังไม่ได้ล็อกอิน คุณสามารถมีกิจกรรมร่วมกับเว็บไซต์ได้ แต่ต้องล็อกอินก่อน ::
  ล็อกอิน

รายการสื่อสารสนเทศ

ลำดับที่ ประเภท เลขเรียก/บาร์โค้ด สถานที่ สถานะ
1. การศึกษาทั่วไป
หนังสือสำรอง
สถานะ=หนังสือสำรอง
QA76.6 จ541ส ฉ.1 
  Barcode: 011861
ห้องสมุดวิทยาเขตสวรรค์ประชารักษ์
►หนังสือทั่วไป
บนชั้น

รายการใกล้เคียง
    ผู้แต่ง [จีราวุธ วารินทร์]

    หัวเรื่อง [ChatGPT]
    หัวเรื่อง [การพัฒนาเว็บไซต์]
    หัวเรื่อง [โปรแกรมคอมพิวเตอร์]

BibComment


ยังไม่เคยถูกคอมเมนท์

คอมเมนท์ทรัพยากรรายการนี้
  คอมเมนท์: สร้างแอปพลิเคชัน..


 Copyright 2026. Bcnsprnw @Library